000 00531nam a2200181Ia 4500
001 11115
005 20260306161922.0
008 260306t1956||||xx |||||||||||||| ||spa||
041 _aESP
082 _a985.009
_bE31
100 _aEguiguren, Luis Antonio
_eAUT
245 0 _aDr. Fernando Máximo López Aldana, Prócer de la Independencia del Perú. Vocal de la Corte Suprema de Justicia de la República
260 _c1956
300 _a63 páginas :
_c24 cm.
650 _aGEN
654 _aCHU
942 _cLIB
_dJUS
_fJUS
_2ddc
_n
999 _c11115
_d11115